000 00830nam a2200277 4500
003 EG-GICUC
005 20260411113709.0
008 260411s1924 Fr |||f |||| 00| 0 Fre d
040 _a EG-GICUC
_bfre
_c EG-GICUC
_d EG-GICUC
_erda
082 0 4 _a341.1
_bC A . L
_221
092 0 4 _221
099 _aLaw1 11 341.1 C A . L 1924
100 1 _aCazes E.
245 _aCours Des Ecoles (Livre De Lecture) /
_cPar E. Cazes.
264 _aParis:
_bLibrairie Delagrave,
_c1924.
300 _a432 Pages;
_c24 Cm.
336 _2rda content
_atext
337 _2rda media
_aComputer
338 _2rda carrier
_aOnline Resource
546 _aTexte en français
650 1 4 _aDroit international Public
651 1 _2qrmak
856 4 0 _uhttps://fll.law.cu.edu.eg/fulltext/bks/B11-05474.pdf
905 _a64
942 _2ddc
_cBK
_e21
_n0
999 _c70068
_d70068